| 000 | 01049cam a22003257a 4500 | ||
|---|---|---|---|
| 999 |
_c15993 _d15993 |
||
| 001 | 11821590 | ||
| 003 | OSt | ||
| 005 | 20200606115840.0 | ||
| 008 | 990525s1998 ii 000 0 hino | ||
| 010 | _a 99935950 | ||
| 025 | _aI-H-99-935950; 09 | ||
| 035 | _a(DLC) 99935950 | ||
| 037 |
_bLibrary of Congress -- New Delhi Field Office _cRs110.00 |
||
| 040 |
_aDLC _cMESKC library |
||
| 042 | _alcode | ||
| 043 | _aa-ii--- | ||
| 050 | 0 | 0 |
_aMLCMA 2000/00915 _aPK2098.12 |
| 082 |
_a891.431 _bADE/P |
||
| 100 | 1 |
_aĀdeśa, Hariśaṅkara _9161 |
|
| 245 | 1 | 0 |
_aPravāsī kī pātī : _bBhāratamātā ke nāma / _cHariśaṅkara Ādeśa. |
| 260 |
_aDillī : _bŚhabdashristi, _c2001. |
||
| 300 |
_a111 p. ; _c24 cm. |
||
| 500 | _aPoems. | ||
| 520 | _aOn spirit of nationalism. | ||
| 546 | _aIn Hindi. | ||
| 650 | 0 |
_aNationalism _zIndia _xPoetry. |
|
| 906 |
_a7 _bcbc _corigode _d4 _encip _f19 _gy-gencatlg |
||
| 942 |
_2ddc _cBK _h891.431 _iADE/P _k891.431 _mADE/P |
||